MARC details
| 000 -BAŞLIK |
| Sabit Uzunluktaki Kontrol Alanı |
04139nam a22003977a 4500 |
| 001 - KONTROL NUMARASI |
| Control Dosyası |
0039283 |
| 003 - KONTROL NUMARASI KİMLİĞİ |
| Kontrol Alanı |
KOHA_MİRAKIL |
| 005 - EN SON İŞLEM TARİHİ ve ZAMANI |
| Kontrol Alanı |
20260207003125.0 |
| 007 - FİZİKSEL TANIM SABİT ALAN - GENEL BİLGİ |
| Sabit uzunluklu kontrol alanı |
ta |
| 008 - SABİT UZUNLUKTAKİ VERİ ÖGELERİ - GENEL BİLGİ |
| Sabit Alan |
130104b2011 tu |||gr||||#0|||0|tur | |
| 020 ## - ISBN - ULUSLARARASI STANDART KİTAP NUMARASI |
| Isbn |
9789752698925 |
| 040 ## - KATALOGLAMA KAYNAĞI |
| Özgün Kataloglama Kurumu |
TR-BiSEU |
| Kataloglama Dili |
tur |
| Çeviri Kurumu |
TR-BiSEU |
| Açıklama Kuralları |
rda |
| 041 0# - DİL KODU |
| Metin ya da ses kaydının dil kodu |
tur |
| 044 ## - YAYINLAYAN/ÜRETEN KURULUŞUN ÜLKE KODU |
| ISO country code |
tu |
| 050 ## - SINIFLAMA ve YER NUMARASI |
| Sınıflama Numarası |
DR435.K87 |
| Yer Numarası |
C69 2011 |
| 245 0# - ESER ADI BİLDİRİMİ |
| Başlık |
Çözüm mümkün : |
| Alt Eseradı vb. |
çareserî mimkun e/ |
| Sorumluluk Bildirimi |
yayına hazırlayan Metin Karabaşoğlu ; editör İsmail Örgen. |
| 264 #1 - ÜRERİM, YAYIN, DAĞITIM ve TELİF BİLDİRİMİ |
| Yayın yeri |
İstanbul : |
| Yayınlayan |
Nesil |
| Yayın tarihi |
2011 |
| 300 ## - FİZİKSEL TANIMLAMA |
| Sayfa, Cilt vb. |
222 sayfa; 21 cm. |
| 336 ## - İÇERİK TÜRÜ |
| Content type term |
metin |
| Content type code |
txt |
| Source |
rdacontent |
| 337 ## - MEDYA TÜRÜ |
| Media type term |
aracısız |
| Media type code |
n |
| Source |
rdamedia |
| 338 ## - TAŞIYICI TÜRÜ |
| Carrier type term |
cilt |
| Carrier type code |
nc |
| Source |
rdacarrier |
| 505 ## - İÇİNDEKİLER NOTU |
| İçindekiler Notu |
DEMOKRATİK AÇILIM ÜZERİNE DÜŞÜNCELER VE ÇÖZÜM ÖNERİLERİ Sunuş 11 |
| 650 #0 - KONU BAŞLIĞI EK GİRİŞ - KONU TERİMİ |
| Konusal terim veya coğrafi ad |
Türkiye-- Siyaset ve devlet yönetimi. |
| 9 (RLIN) |
73097 |
| 650 #0 - KONU BAŞLIĞI EK GİRİŞ - KONU TERİMİ |
| Konusal terim veya coğrafi ad |
Siyasal bilimler (Siyaset bilimi). |
| 9 (RLIN) |
2302 |
| 650 #0 - KONU BAŞLIĞI EK GİRİŞ - KONU TERİMİ |
| Konusal terim veya coğrafi ad |
Demokratik açılım. |
| 9 (RLIN) |
73098 |
| 650 #0 - KONU BAŞLIĞI EK GİRİŞ - KONU TERİMİ |
| Konusal terim veya coğrafi ad |
Türkiye-- Etnik gruplar. |
| 9 (RLIN) |
73099 |
| 650 #0 - KONU BAŞLIĞI EK GİRİŞ - KONU TERİMİ |
| Konusal terim veya coğrafi ad |
Yönetim ve devlet sistemleri. |
| 9 (RLIN) |
32098 |
| 650 #0 - KONU BAŞLIĞI EK GİRİŞ - KONU TERİMİ |
| Konusal terim veya coğrafi ad |
Demokrataik sistemler. |
| 9 (RLIN) |
73100 |
| 650 #0 - KONU BAŞLIĞI EK GİRİŞ - KONU TERİMİ |
| Konusal terim veya coğrafi ad |
Demokras--Türkiye. |
| 9 (RLIN) |
73101 |
| 650 #0 - KONU BAŞLIĞI EK GİRİŞ - KONU TERİMİ |
| Konusal terim veya coğrafi ad |
Kürtler--Türkiye--Siyaset ve devlet yönetimi. |
| 9 (RLIN) |
73102 |
| 650 #0 - KONU BAŞLIĞI EK GİRİŞ - KONU TERİMİ |
| Konusal terim veya coğrafi ad |
Milliyetçilik. |
| 9 (RLIN) |
9491 |
| 650 #0 - KONU BAŞLIĞI EK GİRİŞ - KONU TERİMİ |
| Konusal terim veya coğrafi ad |
Kürt sorunu. |
| 9 (RLIN) |
73103 |
| 650 #0 - KONU BAŞLIĞI EK GİRİŞ - KONU TERİMİ |
| Konusal terim veya coğrafi ad |
Kültür--çok dillilik. |
| 9 (RLIN) |
73104 |
| 907 ## - LOCAL DATA ELEMENT G, LDG (RLIN) |
| a |
Tarih |
| 942 ## - EK GİRİŞ ÖGELERİ (KOHA) |
| Source of classification or shelving scheme |
Library of Congress Classification |
| Koha item type |
Book |
| 505 ## - İÇİNDEKİLER NOTU |
| -- |
Giriş ve Tanım 13 |
| -- |
A. MESELENİN KÖKENLERİ 15 |
| -- |
Bir Dönüm Noktasındayız 17 |
| -- |
Fransız Devriminden Alınan İlham 20 |
| -- |
Zora Dayalı Asimilasyon Çabaları 22 |
| -- |
Lozan'a Rağmen 24 |
| -- |
'Millet'i Değil, 'İnsan'ı Esas Alma Gereği 25 |
| -- |
Hiçbir Devrim Gayriinsanîliği Meşrulaştıramaz 27 |
| -- |
Güç Kullanmak, Güçsüzlük Alâmetidir 29 |
| -- |
Hakim Kodları Aşabilmek 30 |
| -- |
Kemalist Milliyetçilik Etnik Bir Nitelik Taşır 33 |
| -- |
B. MESELENİN EN ÖNEMLİ VEÇHELERİ 35 |
| -- |
I. Çok-Dillilik 35 |
| -- |
II. Kültürel Çoğulculuk 37 |
| -- |
III. Anayasal Vatandaşlık : 38 |
| -- |
IV. Kürt Milliyetçiliği, Türk Milliyetçiliği Üzerine 38 |
| -- |
V. Adalet, Vazgeçilmez Temel İlkedir 39 |
| -- |
C. ÇÖZÜM İÇİN ÖNERİLER 41 |
| -- |
I. Zihniyet Açısından.. 41 |
| -- |
II. Yapısal Açıdan 48 III. Pratiğe İlişkin ; 50 |
| -- |
IV. Sembolik öneriler 54 |
| -- |
VEBÛNA DEMOKRATİK: PfiŞNİYARİYfiN Jİ BO ÇARESERİYE Peşkeşi. 61 |
| -- |
Destpik û Teşxis 63 |
| -- |
A. BİNGEHEN MESELfi 65 |
| -- |
Em Di Pevajoyeke Xeternak De Ne 67 |
| -- |
İlhama Ku Ji Şoreşa Fransiz Hatiye Girtin 70 |
| -- |
Hewldanen Bişaftine Yen Xwe Disperin Zore 72 |
| -- |
Digel Lozane 73 |
| -- |
Hewcehiya Bi Fehmeke Ku Ne "Millet" Le "însan" Bingeh Bigire. 75 |
| -- |
Tu Şoreş Nikare Dijmirovahiyâ Meşrû Bike 76 |
| -- |
Bikaranîna Qewete, Elamete Lawaziye Ye 78 |
| -- |
Derbaskirina Qaliben Serdest 80 |
| -- |
Netewperestiya Kemalist Nırxekî Etnîkî Di Xwe De Digire 82 |
| -- |
B. ALÎYEN HERÎ GİRÎNG YEN MESELfi 85 |
| -- |
I. Pirzimanî 85 II. Pirrengiya Çandî 87 |
| -- |
III. Hemwelatiya Makeqanûnî : 88 |
| -- |
IV. Lı Ser Neteweperwenya Kurdan 0 Ya Tirkan 88 |
| -- |
V. Edalet, Dıstûra Bıngehin Ya Ku Devjeberdan Ne Mimkun E 89 |
| -- |
C. PfiŞNİYARİYfiN Jİ BO ÇARESERİYfi 91 |
| -- |
I. Ji Hela Zihniyete Ve -91 |
| -- |
II. Ji Hela Sisteme Ve 98 |
| -- |
III. Li Ser Pratîkâ 100 |
| -- |
IV. Peşniyariyen Sembolik 104 |
| -- |
REFLECTION ON DEMOCRATIC OPENING AND PROPOSALS FOR THE SOLUTION |
| -- |
Preface 113 |
| -- |
Introduction and Definiton 115 |
| -- |
A. THE ORIGIN OF THE QUESTION 117 |
| -- |
We are in a Turning Point 119 |
| -- |
Inspiration From the French Revolution 121 |
| -- |
Efforts for Forced Assimilation 123 |
| -- |
Despite The Lausanne Treaty 124 |
| -- |
Treating "Human" as Essential, Not "Nation" : 126 |
| -- |
No Revolution can Legitimize Inhumanity 127 |
| -- |
Resorting to the Use of Power is an Indication of Powerlessness 129 |
| -- |
Surmounting The Dominant Codes 130 |
| -- |
Kemalist Nationalism is an Ethnic Nationalism 133 |
| -- |
B. MOST IMPORTANT ASPECTS OF THE ISSUE 135 |
| -- |
I. Multilingualism 135 |
| -- |
II. Cultural Pluralism 136 |
| -- |
III. Constitutional Citizenship 137 |
| -- |
IV. On the Kurdish and Turkish Nationalisms 138 |
| -- |
V. Justice is an Indispensable Principle 139 |
| -- |
C. PROPOSALS FOR THE SOLUTION 141 |
| -- |
I. In Intellectual Terms 141 |
| -- |
II. In Structural Terms 147 |
| -- |
III. In Practical Terms 149 |
| -- |
IV. In Symbolic Terms. 152 |
| -- |
Katılımcılar 219 |
| -- |
Teşekkür 221 |